| 000 | 00955nam a2200241 a 4500 | ||
|---|---|---|---|
| 001 | 60254 | ||
| 003 | BD-RjUL | ||
| 005 | 20211209080823.0 | ||
| 008 | 161229s1977 ii ||||| |||| 00| 0 ben d | ||
| 020 | _c: Tk. 16.00 | ||
| 035 | _a(BD-RjUL)60378 | ||
| 040 |
_aBD-RjUL _bben _cBD-RjUL |
||
| 041 | _aben | ||
| 082 |
_223 _a336 _bROR 1977 |
||
| 100 |
_aরায়চৌধুরী, সুনীল _9171010 |
||
| 245 | 1 | 0 |
_aরাষ্ট্রীয় অর্থনীতি = Public Economics : _bরাষ্ট্রীয় আর্থিক ব্যবস্থাসহ / _cসুনীল রায়চৌধুরী |
| 250 | _a২য় সং. | ||
| 260 |
_aকলিকাতা : _bঅবনি মিত্র, _c১৯৭৭ |
||
| 300 |
_a[১৬], ৪৭২ পৃ. ; _c২৩ সেমি. |
||
| 650 |
_aরাষ্ট্রীয় অর্থনীতি _9179341 |
||
| 650 |
_aPublic Finance _9178684 |
||
| 942 |
_2ddc _cBK |
||
| 999 |
_c60254 _d60254 |
||